| 000 | 01216nam a2200397 a 4500 | ||
|---|---|---|---|
| 001 | 20468 | ||
| 003 | VRT | ||
| 005 | 20260122144312.0 | ||
| 008 | 961209q1995 xo g 000 p slo d | ||
| 020 | _a808883435X (brož.) | ||
| 035 | _aUKB000210380 | ||
| 039 | 9 |
_a202109031334 _bgluc _c201211070846 _djuso _c201211070842 _djuso |
|
| 040 |
_aBAA001 _bslo _cBAA001 _eAACR2 |
||
| 041 | 0 | _aslo | |
| 044 |
_axo _cSK |
||
| 080 | _a885.4-1 | ||
| 100 | 1 |
_aSládkovič, Andrej, _d1820-1872 |
|
| 243 | 1 | 0 | _aSlovenská romantická poézia |
| 245 | 1 | 0 |
_aMarína ; Detvan _cAndrej Sládkovič |
| 260 |
_aRohovce _bInterpopulart Slovakia _c[1995] |
||
| 300 | _a108, [2] s. | ||
| 490 | 1 |
_aPopulart, Študentská knižnica _v36 |
|
| 500 | _aSlovenská romantická poézia | ||
| 504 | _aBibliogr. s. [110] | ||
| 650 | 0 | 7 | _aliteratúra slovenská romantická |
| 650 | 0 | 7 | _apoézia |
| 653 | _a885.4-1 | ||
| 740 | 0 | 2 | _aDetvan |
| 830 | 0 |
_aPopulart, Študentská knižnica _v36 |
|
| 910 | _aukb | ||
| 942 |
_2ddc _cKLDO _n0 |
||
| 949 |
_61800009262 _a30.D.66688 _bPV.5691-96 |
||
| 949 |
_61800009261 _aSL.D.24711 _bPV.5692-96 |
||
| 949 |
_61800065046 _a30.D.66688 _bNA.246-99 |
||
| 949 |
_61800084480 _a30.D.66688 _bDD.333-2000 |
||
| 999 |
_c20468 _d20468 |
||